<?xml version="1.0" encoding="UTF-8"?>
<record
    xmlns:xsi="http://www.w3.org/2001/XMLSchema-instance"
    xsi:schemaLocation="http://www.loc.gov/MARC21/slim http://www.loc.gov/standards/marcxml/schema/MARC21slim.xsd"
    xmlns="http://www.loc.gov/MARC21/slim">

  <leader>00694    a2200217   4500</leader>
  <controlfield tag="005">20260325124252.0</controlfield>
  <controlfield tag="008">251118b        |||||||| |||| 00| 0 eng d</controlfield>
  <datafield tag="020" ind1=" " ind2=" ">
    <subfield code="a">978-81-956020-3-2</subfield>
  </datafield>
  <datafield tag="041" ind1=" " ind2=" ">
    <subfield code="a">ENG</subfield>
  </datafield>
  <datafield tag="082" ind1=" " ind2=" ">
    <subfield code="2">1st 2013/ RP 2024</subfield>
    <subfield code="a">MS 610.73677 TNA </subfield>
    <subfield code="b">TNA</subfield>
  </datafield>
  <datafield tag="100" ind1=" " ind2=" ">
    <subfield code="a">TNAI Pub.</subfield>
    <subfield code="9">217275</subfield>
  </datafield>
  <datafield tag="245" ind1=" " ind2=" ">
    <subfield code="a">Medical Surgical Nursing: Nursing process approach Vol. 1</subfield>
  </datafield>
  <datafield tag="250" ind1=" " ind2=" ">
    <subfield code="a">1st 2013/RP 2024</subfield>
  </datafield>
  <datafield tag="260" ind1=" " ind2=" ">
    <subfield code="b">TNAI </subfield>
    <subfield code="c">2024</subfield>
    <subfield code="a">New Delhi</subfield>
  </datafield>
  <datafield tag="300" ind1=" " ind2=" ">
    <subfield code="a">xxxii; 910p</subfield>
    <subfield code="b">pb</subfield>
    <subfield code="c">28x21cm</subfield>
  </datafield>
  <datafield tag="500" ind1=" " ind2=" ">
    <subfield code="a">Medical Surgical Nursing</subfield>
  </datafield>
  <datafield tag="521" ind1=" " ind2=" ">
    <subfield code="a">Medical Surgical Vol.1
Nursing Process approch</subfield>
  </datafield>
  <datafield tag="650" ind1=" " ind2=" ">
    <subfield code="a">Medical Surgical Nursing</subfield>
    <subfield code="9">217276</subfield>
  </datafield>
  <datafield tag="651" ind1=" " ind2=" ">
    <subfield code="a">Medical Surgical Nursing</subfield>
    <subfield code="9">217277</subfield>
  </datafield>
  <datafield tag="942" ind1=" " ind2=" ">
    <subfield code="c">BK</subfield>
  </datafield>
  <datafield tag="999" ind1=" " ind2=" ">
    <subfield code="c">369099</subfield>
    <subfield code="d">369099</subfield>
  </datafield>
  <datafield tag="952" ind1=" " ind2=" ">
    <subfield code="0">0</subfield>
    <subfield code="1">0</subfield>
    <subfield code="2">ddc</subfield>
    <subfield code="4">0</subfield>
    <subfield code="7">0</subfield>
    <subfield code="8">MS</subfield>
    <subfield code="a">BTIN</subfield>
    <subfield code="b">BTIN</subfield>
    <subfield code="d">2025-11-17</subfield>
    <subfield code="f">BTINE BSC </subfield>
    <subfield code="g">885.00</subfield>
    <subfield code="l">0</subfield>
    <subfield code="o">MS 610.73677 TNA B11801</subfield>
    <subfield code="p">BTIN-BK-11801</subfield>
    <subfield code="r">2025-11-16 00:00:00</subfield>
    <subfield code="t">40%</subfield>
    <subfield code="v">1475.00</subfield>
    <subfield code="w">2025-10-16</subfield>
    <subfield code="y">BK</subfield>
    <subfield code="z">BTIN-BK-11801</subfield>
  </datafield>
  <datafield tag="952" ind1=" " ind2=" ">
    <subfield code="0">0</subfield>
    <subfield code="1">0</subfield>
    <subfield code="2">ddc</subfield>
    <subfield code="4">0</subfield>
    <subfield code="7">0</subfield>
    <subfield code="8">MS</subfield>
    <subfield code="a">BTIN</subfield>
    <subfield code="b">BTIN</subfield>
    <subfield code="d">2025-11-17</subfield>
    <subfield code="f">BTINE BSC </subfield>
    <subfield code="g">885.00</subfield>
    <subfield code="i">TNAIUP/25260729	</subfield>
    <subfield code="l">1</subfield>
    <subfield code="o">MS 610.73677 TNA B11800</subfield>
    <subfield code="p">BTIN-BK-11800</subfield>
    <subfield code="r">2026-03-10 16:24:00</subfield>
    <subfield code="s">2026-02-27</subfield>
    <subfield code="t">40%</subfield>
    <subfield code="v">1475.00</subfield>
    <subfield code="w">2025-10-16</subfield>
    <subfield code="y">BK</subfield>
    <subfield code="z">BTIN-BK-11800</subfield>
  </datafield>
  <datafield tag="952" ind1=" " ind2=" ">
    <subfield code="0">0</subfield>
    <subfield code="1">0</subfield>
    <subfield code="2">ddc</subfield>
    <subfield code="4">0</subfield>
    <subfield code="7">0</subfield>
    <subfield code="8">MS</subfield>
    <subfield code="a">BTIN</subfield>
    <subfield code="b">BTIN</subfield>
    <subfield code="d">2025-11-17</subfield>
    <subfield code="f">BTINE BSC </subfield>
    <subfield code="g">885.00</subfield>
    <subfield code="i">TNAIUP/25260729	</subfield>
    <subfield code="l">0</subfield>
    <subfield code="o">MS 610.73677 TNA B11798</subfield>
    <subfield code="p">BTIN-BK-11798</subfield>
    <subfield code="r">2025-11-16 00:00:00</subfield>
    <subfield code="t">40%</subfield>
    <subfield code="v">1475.00</subfield>
    <subfield code="w">2025-10-16</subfield>
    <subfield code="y">BK</subfield>
    <subfield code="z">BTIN-BK-11798</subfield>
  </datafield>
  <datafield tag="952" ind1=" " ind2=" ">
    <subfield code="0">0</subfield>
    <subfield code="1">0</subfield>
    <subfield code="2">ddc</subfield>
    <subfield code="4">0</subfield>
    <subfield code="7">0</subfield>
    <subfield code="8">MS</subfield>
    <subfield code="a">BTIN</subfield>
    <subfield code="b">BTIN</subfield>
    <subfield code="d">2025-11-17</subfield>
    <subfield code="f">BTINE BSC </subfield>
    <subfield code="g">885.00</subfield>
    <subfield code="i">TNAIUP/25260729	</subfield>
    <subfield code="l">1</subfield>
    <subfield code="o">MS 610.73677 TNA B11792</subfield>
    <subfield code="p">BTIN-BK-11792</subfield>
    <subfield code="q">2026-08-26</subfield>
    <subfield code="r">2026-02-27 09:40:00</subfield>
    <subfield code="s">2026-02-27</subfield>
    <subfield code="t">40%</subfield>
    <subfield code="v">1475.00</subfield>
    <subfield code="w">2025-10-16</subfield>
    <subfield code="y">BK</subfield>
    <subfield code="z">BTIN-BK-11792</subfield>
  </datafield>
  <datafield tag="952" ind1=" " ind2=" ">
    <subfield code="0">0</subfield>
    <subfield code="1">0</subfield>
    <subfield code="2">ddc</subfield>
    <subfield code="4">0</subfield>
    <subfield code="7">0</subfield>
    <subfield code="8">MS</subfield>
    <subfield code="a">BTIN</subfield>
    <subfield code="b">BTIN</subfield>
    <subfield code="d">2025-11-17</subfield>
    <subfield code="f">BTINE BSC </subfield>
    <subfield code="g">885.00</subfield>
    <subfield code="i">TNAIUP/25260729	</subfield>
    <subfield code="l">0</subfield>
    <subfield code="o">MS 610.73677 TNA B11796</subfield>
    <subfield code="p">BTIN-BK-11796</subfield>
    <subfield code="r">2025-11-16 00:00:00</subfield>
    <subfield code="t">40%</subfield>
    <subfield code="v">1475.00</subfield>
    <subfield code="w">2025-10-16</subfield>
    <subfield code="y">BK</subfield>
    <subfield code="z">BTIN-BK-11796</subfield>
  </datafield>
  <datafield tag="952" ind1=" " ind2=" ">
    <subfield code="0">0</subfield>
    <subfield code="1">0</subfield>
    <subfield code="2">ddc</subfield>
    <subfield code="4">0</subfield>
    <subfield code="7">0</subfield>
    <subfield code="8">MS</subfield>
    <subfield code="a">BTIN</subfield>
    <subfield code="b">BTIN</subfield>
    <subfield code="d">2025-11-17</subfield>
    <subfield code="f">BTINE BSC </subfield>
    <subfield code="g">885.00</subfield>
    <subfield code="i">TNAIUP/25260729	</subfield>
    <subfield code="l">0</subfield>
    <subfield code="o">MS 610.73677 TNA B11799</subfield>
    <subfield code="p">BTIN-BK-11799</subfield>
    <subfield code="r">2025-11-16 00:00:00</subfield>
    <subfield code="t">40%</subfield>
    <subfield code="v">1475.00</subfield>
    <subfield code="w">2025-10-16</subfield>
    <subfield code="y">BK</subfield>
    <subfield code="z">BTIN-BK-11799</subfield>
  </datafield>
  <datafield tag="952" ind1=" " ind2=" ">
    <subfield code="0">0</subfield>
    <subfield code="1">0</subfield>
    <subfield code="2">ddc</subfield>
    <subfield code="4">0</subfield>
    <subfield code="7">0</subfield>
    <subfield code="8">MS</subfield>
    <subfield code="a">BTIN</subfield>
    <subfield code="b">BTIN</subfield>
    <subfield code="d">2025-11-17</subfield>
    <subfield code="f">BTINE BSC </subfield>
    <subfield code="g">885.00</subfield>
    <subfield code="i">TNAIUP/25260729	</subfield>
    <subfield code="l">0</subfield>
    <subfield code="o">MS 610.73677 TNA B11795</subfield>
    <subfield code="p">BTIN-BK-11795</subfield>
    <subfield code="r">2025-11-16 00:00:00</subfield>
    <subfield code="t">40%</subfield>
    <subfield code="v">1475.00</subfield>
    <subfield code="w">2025-10-16</subfield>
    <subfield code="y">BK</subfield>
    <subfield code="z">BTIN-BK-11795</subfield>
  </datafield>
  <datafield tag="952" ind1=" " ind2=" ">
    <subfield code="0">0</subfield>
    <subfield code="1">0</subfield>
    <subfield code="2">ddc</subfield>
    <subfield code="4">0</subfield>
    <subfield code="7">0</subfield>
    <subfield code="8">MS</subfield>
    <subfield code="a">BTIN</subfield>
    <subfield code="b">BTIN</subfield>
    <subfield code="d">2025-11-17</subfield>
    <subfield code="f">BTINE BSC </subfield>
    <subfield code="g">885.00</subfield>
    <subfield code="i">TNAIUP/25260729	</subfield>
    <subfield code="l">0</subfield>
    <subfield code="o">MS 610.73677 TNA B11794</subfield>
    <subfield code="p">BTIN-BK-11794</subfield>
    <subfield code="r">2025-11-16 00:00:00</subfield>
    <subfield code="t">40%</subfield>
    <subfield code="v">1475.00</subfield>
    <subfield code="w">2025-10-16</subfield>
    <subfield code="y">BK</subfield>
    <subfield code="z">BTIN-BK-11794</subfield>
  </datafield>
  <datafield tag="952" ind1=" " ind2=" ">
    <subfield code="0">0</subfield>
    <subfield code="1">0</subfield>
    <subfield code="2">ddc</subfield>
    <subfield code="4">0</subfield>
    <subfield code="7">0</subfield>
    <subfield code="8">MS</subfield>
    <subfield code="a">BTIN</subfield>
    <subfield code="b">BTIN</subfield>
    <subfield code="d">2025-11-17</subfield>
    <subfield code="f">BTINE BSC </subfield>
    <subfield code="g">885.00</subfield>
    <subfield code="i">TNAIUP/25260729	</subfield>
    <subfield code="l">0</subfield>
    <subfield code="o">MS 610.73677 TNA B11797</subfield>
    <subfield code="p">BTIN-BK-11797</subfield>
    <subfield code="r">2025-11-16 00:00:00</subfield>
    <subfield code="t">40%</subfield>
    <subfield code="v">1475.00</subfield>
    <subfield code="w">2025-10-16</subfield>
    <subfield code="y">BK</subfield>
    <subfield code="z">BTIN-BK-11797</subfield>
  </datafield>
  <datafield tag="952" ind1=" " ind2=" ">
    <subfield code="0">0</subfield>
    <subfield code="1">0</subfield>
    <subfield code="2">ddc</subfield>
    <subfield code="4">0</subfield>
    <subfield code="7">0</subfield>
    <subfield code="8">MS</subfield>
    <subfield code="a">BTIN</subfield>
    <subfield code="b">BTIN</subfield>
    <subfield code="d">2025-11-17</subfield>
    <subfield code="f">BTINE BSC </subfield>
    <subfield code="g">885.00</subfield>
    <subfield code="i">TNAIUP/25260729	</subfield>
    <subfield code="l">0</subfield>
    <subfield code="o">MS 610.73677 TNA B11793</subfield>
    <subfield code="p">BTIN-BK-11793</subfield>
    <subfield code="r">2025-11-16 00:00:00</subfield>
    <subfield code="t">40%</subfield>
    <subfield code="v">1475.00</subfield>
    <subfield code="w">2025-10-16</subfield>
    <subfield code="y">BK</subfield>
    <subfield code="z">BTIN-BK-11793</subfield>
  </datafield>
</record>
